Odbytové kanály biopotravín bakalárska práca

Saved in:
Bibliographic Details
Main Author: Hajóssyová, Denisa
Corporate Author: Obchodná fakulta EU. Katedra tovaroznalectva a kvality tovaru
Other Authors: Gondárová, Jana, 1983-
Format: Book
Language:Slovak
Published: Bratislava 2010
Tags: Add Tag
No Tags, Be the first to tag this record!

MARC

LEADER 00000nam$a2200000$$$4500
001 0135219
005 20240320074342.7
041 0 |a slo 
044 |a SK 
245 1 0 |a Odbytové kanály biopotravín  |b bakalárska práca  |c Denisa Hajóssyová ; školiteľ: Jana Gondárová 
264 1 |a Bratislava  |c 2010 
300 |a 49 s. 
100 1 |a Hajóssyová, Denisa 
700 1 |a Gondárová, Jana, 1983- 
710 2 |a Obchodná fakulta EU. Katedra tovaroznalectva a kvality tovaru